<?xml version="1.0" encoding="UTF-8"?>
<record
    xmlns:xsi="http://www.w3.org/2001/XMLSchema-instance"
    xsi:schemaLocation="http://www.loc.gov/MARC21/slim http://www.loc.gov/standards/marcxml/schema/MARC21slim.xsd"
    xmlns="http://www.loc.gov/MARC21/slim">

  <leader>01599pam a2200349 a 4500</leader>
  <controlfield tag="001">1654880</controlfield>
  <controlfield tag="003">OSt</controlfield>
  <controlfield tag="005">20220308094445.0</controlfield>
  <controlfield tag="008">971103s1998    gw a     b    101 0 eng  </controlfield>
  <datafield tag="010" ind1=" " ind2=" ">
    <subfield code="a">   97039334 </subfield>
  </datafield>
  <datafield tag="020" ind1=" " ind2=" ">
    <subfield code="a">3540636072</subfield>
  </datafield>
  <datafield tag="040" ind1=" " ind2=" ">
    <subfield code="a">DLC</subfield>
    <subfield code="c">HU</subfield>
    <subfield code="d">DLC</subfield>
  </datafield>
  <datafield tag="043" ind1=" " ind2=" ">
    <subfield code="a">w------</subfield>
  </datafield>
  <datafield tag="050" ind1="0" ind2="0">
    <subfield code="a">SD390.3.T76</subfield>
    <subfield code="b">S65 1998</subfield>
  </datafield>
  <datafield tag="082" ind1="0" ind2="0">
    <subfield code="a">631.4/915/2</subfield>
    <subfield code="2">21</subfield>
  </datafield>
  <datafield tag="245" ind1="0" ind2="0">
    <subfield code="a">Soils of tropical forest ecosytems :</subfield>
    <subfield code="b">characteristics, ecology, and management /</subfield>
    <subfield code="c">Andreas Schulte, Daddy Ruhiyat (eds.).</subfield>
  </datafield>
  <datafield tag="260" ind1=" " ind2=" ">
    <subfield code="a">Berlin ;</subfield>
    <subfield code="a">New York :</subfield>
    <subfield code="b">Springer Verlag,</subfield>
    <subfield code="c">1998.</subfield>
  </datafield>
  <datafield tag="300" ind1=" " ind2=" ">
    <subfield code="a">206 p. :</subfield>
    <subfield code="b">ill. ;</subfield>
    <subfield code="c">28 cm.</subfield>
  </datafield>
  <datafield tag="500" ind1=" " ind2=" ">
    <subfield code="a">"The present book is the result of the 'International Congress on Soils of Tropical Forest Ecosystems/3rd Conference on Forest Soils (ISSS-AISS-IBG)' held in Balikpapan, Indonesia"--Pref.</subfield>
  </datafield>
  <datafield tag="504" ind1=" " ind2=" ">
    <subfield code="a">Includes bibliographical references and index.</subfield>
  </datafield>
  <datafield tag="650" ind1=" " ind2="0">
    <subfield code="a">Forest soils</subfield>
    <subfield code="z">Tropics</subfield>
    <subfield code="x">Congresses.</subfield>
    <subfield code="9">32259</subfield>
  </datafield>
  <datafield tag="650" ind1=" " ind2="0">
    <subfield code="a">Rain forest ecology</subfield>
    <subfield code="x">Congresses.</subfield>
    <subfield code="9">18716</subfield>
  </datafield>
  <datafield tag="650" ind1=" " ind2="0">
    <subfield code="a">Soil ecology</subfield>
    <subfield code="z">Tropics</subfield>
    <subfield code="x">Congresses.</subfield>
    <subfield code="9">32260</subfield>
  </datafield>
  <datafield tag="650" ind1=" " ind2="0">
    <subfield code="a">Soil management</subfield>
    <subfield code="z">Tropics</subfield>
    <subfield code="x">Congresses.</subfield>
    <subfield code="9">32261</subfield>
  </datafield>
  <datafield tag="700" ind1="1" ind2=" ">
    <subfield code="a">Schulte, Andreas.</subfield>
    <subfield code="9">32262</subfield>
  </datafield>
  <datafield tag="700" ind1="1" ind2=" ">
    <subfield code="a">Ruhiyat, Daddy.</subfield>
    <subfield code="9">32263</subfield>
  </datafield>
  <datafield tag="856" ind1="4" ind2="2">
    <subfield code="3">Publisher description</subfield>
    <subfield code="u">http://www.loc.gov/catdir/enhancements/fy0815/97039334-d.html</subfield>
  </datafield>
  <datafield tag="856" ind1="4" ind2="1">
    <subfield code="3">Table of contents only</subfield>
    <subfield code="u">http://www.loc.gov/catdir/enhancements/fy0815/97039334-t.html</subfield>
  </datafield>
  <datafield tag="906" ind1=" " ind2=" ">
    <subfield code="a">7</subfield>
    <subfield code="b">cbc</subfield>
    <subfield code="c">orignew</subfield>
    <subfield code="d">1</subfield>
    <subfield code="e">ocip</subfield>
    <subfield code="f">19</subfield>
    <subfield code="g">y-gencatlg</subfield>
  </datafield>
  <datafield tag="942" ind1=" " ind2=" ">
    <subfield code="2">ddc</subfield>
    <subfield code="c">BOOKS</subfield>
    <subfield code="n">0</subfield>
  </datafield>
  <datafield tag="999" ind1=" " ind2=" ">
    <subfield code="c">32262</subfield>
    <subfield code="d">32262</subfield>
  </datafield>
  <datafield tag="952" ind1=" " ind2=" ">
    <subfield code="0">0</subfield>
    <subfield code="1">0</subfield>
    <subfield code="2">ddc</subfield>
    <subfield code="4">0</subfield>
    <subfield code="7">0</subfield>
    <subfield code="8">REF</subfield>
    <subfield code="a">004</subfield>
    <subfield code="b">004</subfield>
    <subfield code="c">GEN</subfield>
    <subfield code="d">2022-03-08</subfield>
    <subfield code="l">0</subfield>
    <subfield code="o">631.4191512 SOI 1998</subfield>
    <subfield code="p">WGCFNRL00012574</subfield>
    <subfield code="r">2022-03-08 00:00:00</subfield>
    <subfield code="t">1</subfield>
    <subfield code="w">2022-03-08</subfield>
    <subfield code="y">BOOKS</subfield>
  </datafield>
  <datafield tag="952" ind1=" " ind2=" ">
    <subfield code="0">0</subfield>
    <subfield code="1">0</subfield>
    <subfield code="2">ddc</subfield>
    <subfield code="4">0</subfield>
    <subfield code="7">0</subfield>
    <subfield code="8">REF</subfield>
    <subfield code="a">004</subfield>
    <subfield code="b">004</subfield>
    <subfield code="c">GEN</subfield>
    <subfield code="d">2022-03-08</subfield>
    <subfield code="l">0</subfield>
    <subfield code="o">631.4191512 SOI 1998</subfield>
    <subfield code="p">WGCFNRL00012575</subfield>
    <subfield code="r">2022-03-08 00:00:00</subfield>
    <subfield code="t">2</subfield>
    <subfield code="w">2022-03-08</subfield>
    <subfield code="y">BOOKS</subfield>
  </datafield>
  <datafield tag="952" ind1=" " ind2=" ">
    <subfield code="0">0</subfield>
    <subfield code="1">0</subfield>
    <subfield code="2">ddc</subfield>
    <subfield code="4">0</subfield>
    <subfield code="7">0</subfield>
    <subfield code="8">REF</subfield>
    <subfield code="a">004</subfield>
    <subfield code="b">004</subfield>
    <subfield code="c">GEN</subfield>
    <subfield code="d">2022-03-25</subfield>
    <subfield code="l">0</subfield>
    <subfield code="o">631.4191512 SOI 1998</subfield>
    <subfield code="p">WGCFNRL00014837</subfield>
    <subfield code="r">2022-03-25 00:00:00</subfield>
    <subfield code="t">3</subfield>
    <subfield code="w">2022-03-25</subfield>
    <subfield code="y">BOOKS</subfield>
  </datafield>
  <datafield tag="952" ind1=" " ind2=" ">
    <subfield code="0">0</subfield>
    <subfield code="1">0</subfield>
    <subfield code="2">ddc</subfield>
    <subfield code="4">0</subfield>
    <subfield code="7">0</subfield>
    <subfield code="8">REF</subfield>
    <subfield code="a">004</subfield>
    <subfield code="b">004</subfield>
    <subfield code="c">GEN</subfield>
    <subfield code="d">2022-03-25</subfield>
    <subfield code="l">0</subfield>
    <subfield code="o">631.4191512 SOI 1998</subfield>
    <subfield code="p">WGCFNRL00014838</subfield>
    <subfield code="r">2022-03-25 00:00:00</subfield>
    <subfield code="t">4</subfield>
    <subfield code="w">2022-03-25</subfield>
    <subfield code="y">BOOKS</subfield>
  </datafield>
</record>
